Informe de Práctica Supervisada en el Instituto Nacional de Seguros , Turrialba (Registro nro. 8633)
[ vista simple ]
| 000 -LEADER | |
|---|---|
| fixed length control field | 00510nmm a22001817a 4500 |
| 005 - DATE AND TIME OF LATEST TRANSACTION | |
| control field | 20161122142142.0 |
| 008 - FIXED-LENGTH DATA ELEMENTS--GENERAL INFORMATION | |
| fixed length control field | 150618b xxu||||| |||| 00| 0 spa d |
| 041 ## - LANGUAGE CODE | |
| Language code of text/sound track or separate title | spa |
| 082 ## - DEWEY DECIMAL CLASSIFICATION NUMBER | |
| Classification number | DE 108 |
| 100 ## - MAIN ENTRY--AUTHOR NAME | |
| Personal name | Cordero Torres, Jessica |
| 245 ## - TITLE STATEMENT | |
| Title | Informe de Práctica Supervisada en el Instituto Nacional de Seguros , Turrialba |
| 260 ## - PUBLICATION, DISTRIBUTION, ETC. (IMPRINT) | |
| Year of publication | 2014 |
| 650 ## - SUBJECT ADDED ENTRY--TOPICAL TERM | |
| Topical Term | COSTA RICA |
| 650 ## - SUBJECT ADDED ENTRY--TOPICAL TERM | |
| Topical Term | DIRECCIÓN DE EMPRESAS |
| 650 ## - SUBJECT ADDED ENTRY--TOPICAL TERM | |
| Topical Term | PROCEDIMIENTOS |
| 650 ## - SUBJECT ADDED ENTRY--TOPICAL TERM | |
| Topical Term | DOCUMENTOS |
| 942 ## - ADDED ENTRY ELEMENTS (KOHA) | |
| Tipo de ítem | Informe de Práctica |
| Withdrawn status | Estado | Estado físico | Not for loan | Precio de compra | Total Checkouts | Clasificación | Número de inscripción | Date last seen | Price effective from | Tipo de ítem |
|---|---|---|---|---|---|---|---|---|---|---|
| 62720.00 | DE 108 | DE108 | 22/11/2016 | 22/11/2016 | Informe de Práctica |